| 000 | 00777nam a22002537a 4500 | ||
|---|---|---|---|
| 999 |
_c14478 _d14478 |
||
| 003 | AR-CdUCM | ||
| 008 | 190423b ||||| |||| 00| 0 spa d | ||
| 020 | _a978-84-9145-034-4 | ||
| 040 |
_aMUNICIPALIDAD PROVINCIAL DEL CUSCO _cBIBLIOTECA MUNICIPAL DEL CUSCO |
||
| 082 |
_aPI / 803 / _bM43 |
||
| 100 |
_aMerino, Gemma _933282 |
||
| 245 | _aLa oveja que incubó un huevo / | ||
| 260 |
_aBarcelona : _bPicarona, _bEdiciones Obelisco, _c2017. |
||
| 300 |
_bilustraciones, graficos, dibujos, _c28 cm. |
||
| 500 | _aCuentos para niños | ||
| 650 |
_aCuentos _9217 |
||
| 650 |
_aHistoria _9136 |
||
| 650 |
_aNiños _99390 |
||
| 650 |
_aTextos _94584 |
||
| 700 |
_aOlivera, Angeles _933212 |
||
| 856 | _fwww.picarona.net | ||
| 942 |
_2ddc _cLIBROS |
||
| 945 |
_apjha _d2019-04-23 |
||